=LDR 00000nam 2200000 4500 =001 INLIS000000000025933 =005 20130612124415 =008 ***********************************ind** =035 ##$$0010-061300000025933 =041 ##$$a ind =082 ##$$a 658.409 =090 ##$$a 658.409, ELA m =100 ##$$a Elashmawi, Farid =245 ##$$a Manajemen Multibudaya, Kecakapan baru demi sukses global, Farid Elashmawi, Philip R. Harris =260 ##$$a 1996 $b Jakarta =300 ##$$a xv, 264 hlm., 23 cm =650 ##$$a Manajemen Budaya =700 ##$$a Harris, Philip R =850 ##$$a NBPNMAT